[Event "COL-ch (Women)"]
[Site "Ibague"]
[Date "2013.07.05"]
[Round "7"]
[White "Franco Valencia, Angela Maria"]
[Black "Orozco Lopez, Luz Elena"]
[Result "0-1"]
[WhiteElo "2196"]
[BlackElo "2054"]
[PlyCount "128"]
[EventDate "2013.07.01"]
[EventType "swiss"]
[EventRounds "9"]
[EventCountry "COL"]
[SourceTitle "EXT 2014"]
[Source "ChessBase"]
[SourceDate "2013.11.20"]
[SourceVersion "1"]
[SourceVersionDate "2013.11.20"]
[SourceQuality "1"]

1. e4 c5 2. Nf3 Nc6 3. d4 cxd4 4. Nxd4 Qb6 5. Nb5 a6 6. Be3 Qa5+ 7. N5c3 Nf6 8. Nd2 b5 9. a4 b4 10. Nc4 Qc7 11. Bb6 Qb8 12. Nd5 Nxd5 13. exd5 Ne5 14. a5 Nxc4 15. Bxc4 Qe5+ 16. Qe2 Qxe2+ 17. Kxe2 Bb7 18. Rhd1 e5 19. d6 Bxg2 20. Bd5 Bxd5 21. Rxd5 f6 22. Ra4 Kf7 23. Bc7 Ke6 24. Rd3 Ra7 25. c4 bxc3 26. bxc3 Rb7 27. c4 Rb2+ 28. Kf1 g6 29. Raa3 Bg7 30. Rab3 Rxb3 31. Rxb3 f5 32. Ke2 Ra8 33. Rb1 Bf8 34. Rb6 Bg7 35. Kd2 e4 36. Rb3 Bd4 37. Ke2 f4 38. f3 e3 39. Kd3 Bc5 40. Rb1 g5 41. Ke2 h5 42. Rd1 Rf8 43. h3 g4 44. Bb6 Bxd6 45. hxg4 hxg4 46. fxg4 Rh8 47. Rg1 Rh2+ 48. Kf3 Ke5 49. g5 Kf5 50. Bxe3 Rh3+ 51. Kf2 Rxe3 52. Rd1 Bc5 53. Kg2 d6 54. Rh1 Rg3+ 55. Kf1 Rg1+ 56. Rxg1 Bxg1 57. Kxg1 Kxg5 58. Kf2 Kf5 59. Ke2 Ke4 60. Kf2 Kd4 61. Kf3 Kxc4 62. Kxf4 Kd3 63. Kf5 d5 64. Ke5 Kc4 0-1

[Event "Valle Region-ch"]
[Site "Cali"]
[Date "2013.06.29"]
[Round "4.6"]
[White "Orozco Lopez, Luz Elena"]
[Black "Yate Baron, Andres Steven"]
[Result "1-0"]
[WhiteElo "2054"]
[BlackElo "1733"]
[PlyCount "53"]
[EventDate "2013.06.28"]
[EventType "swiss"]
[EventRounds "5"]
[EventCountry "COL"]
[SourceTitle "EXT 2024"]
[Source "ChessBase"]
[SourceDate "2023.10.10"]
[SourceVersion "1"]
[SourceVersionDate "2023.10.10"]
[SourceQuality "1"]

1. e4 c5 2. Nf3 Nc6 3. d4 cxd4 4. Nxd4 Nf6 5. Nc3 e5 6. Ndb5 d6 7. Bg5 a6 8. Na3 b5 9. Nd5 Be7 10. Bxf6 Bxf6 11. c3 Bg5 12. Nc2 0-0 13. h4 Bh6 14. g4 g6 15. g5 Bg7 16. Nce3 f5 17. exf5 gxf5 18. Nf6+ Bxf6 19. gxf6 Be6 20. Nd5 Rc8 21. a4 Kh8 22. axb5 axb5 23. Bxb5 Na5 24. b4 Nc4 25. Ra7 Rf7 26. Re7 Qg8 27. Rxe6 1-0

[Event "Pamplona IRT rap op (Women)"]
[Site "Pamplona"]
[Date "2012.11.10"]
[Round "9"]
[White "Mateus, Martha"]
[Black "Orozco Lopez, Luz Elena"]
[Result "1-0"]
[WhiteElo "2116"]
[BlackElo "2068"]
[PlyCount "85"]
[EventDate "2012.11.09"]
[EventType "swiss"]
[EventRounds "11"]
[EventCountry "COL"]
[SourceTitle "CBM 151 Extra"]
[Source "ChessBase"]
[SourceDate "2012.12.18"]
[SourceVersion "1"]
[SourceVersionDate "2012.12.18"]
[SourceQuality "1"]

1. e4 d5 2. exd5 Qxd5 3. Nc3 Qa5 4. g3 Nf6 5. Bg2 Bg4 6. Nge2 Nc6 7. h3 Bh5 8. 0-0 e6 9. d3 Be7 10. Bd2 Qb6 11. a3 0-0 12. Qc1 a5 13. Nf4 Bg6 14. Be3 Nd4 15. Nxg6 hxg6 16. Bxd4 Qxd4 17. Bxb7 Rab8 18. Bg2 Bd6 19. Kh2 Qb6 20. Rb1 Qd4 21. Qe3 Bc5 22. Qxd4 Bxd4 23. Na4 Rfd8 24. c3 Ba7 25. d4 Nd5 26. Bxd5 exd5 27. Rfe1 Kf8 28. Kg2 Rbc8 29. b4 axb4 30. axb4 c6 31. Nc5 Bxc5 32. bxc5 Ra8 33. Rb7 Re8 34. Re3 Rxe3 35. fxe3 Rc8 36. Kf3 Ra8 37. Rc7 Ra3 38. Rxc6 Rxc3 39. Rd6 Ke7 40. Rxd5 f5 41. h4 Ke6 42. Rd6+ Kf7 43. c6 1-0

[Event "Pamplona IRT rap op (Women)"]
[Site "Pamplona"]
[Date "2012.11.10"]
[Round "8"]
[White "Orozco Lopez, Luz Elena"]
[Black "Cruz, Adriana"]
[Result "1-0"]
[WhiteElo "2068"]
[BlackElo "1709"]
[PlyCount "51"]
[EventDate "2012.11.09"]
[EventType "swiss"]
[EventRounds "11"]
[EventCountry "COL"]
[SourceTitle "CBM 151 Extra"]
[Source "ChessBase"]
[SourceDate "2012.12.18"]
[SourceVersion "1"]
[SourceVersionDate "2012.12.18"]
[SourceQuality "1"]

1. e4 c5 2. Nf3 d6 3. d4 cxd4 4. Nxd4 Nf6 5. Nc3 a6 6. Be2 e6 7. g4 Be7 8. Be3 Nc6 9. f4 Qc7 10. g5 Nd7 11. Qd2 0-0 12. h4 b5 13. h5 Nxd4 14. Bxd4 b4 15. Nd1 e5 16. Be3 exf4 17. Bxf4 a5 18. g6 Ne5 19. h6 Nxg6 20. hxg7 Re8 21. Nf2 Bf6 22. Bxd6 Qc6 23. Qh6 Bc3+ 24. Kf1 f5 25. Qxh7+ Kf7 26. g8Q+ 1-0

[Event "Pamplona Sub zt 2.3 (Women)"]
[Site "Pamplona"]
[Date "2012.11.07"]
[Round "6"]
[White "Lizarazo, Doris Liliana"]
[Black "Orozco Lopez, Luz Elena"]
[Result "1/2-1/2"]
[WhiteElo "1877"]
[BlackElo "2092"]
[PlyCount "119"]
[EventDate "2012.11.05"]
[EventType "swiss"]
[EventRounds "9"]
[EventCountry "COL"]
[SourceTitle "EXT 2013"]
[Source "ChessBase"]
[SourceDate "2012.11.22"]
[SourceVersion "1"]
[SourceVersionDate "2012.11.22"]
[SourceQuality "1"]

1. e4 d5 2. exd5 Qxd5 3. d4 Nf6 4. Nc3 Qa5 5. Bc4 c6 6. Nf3 Bf5 7. Ne5 e6 8. Bd3 Bxd3 9. Qxd3 Nbd7 10. Nc4 Qc7 11. Qg3 Qxg3 12. hxg3 Nd5 13. Ne4 b5 14. Ne3 N7b6 15. a3 Be7 16. Bd2 Nxe3 17. Bxe3 Nc4 18. Bc1 Rd8 19. c3 Rd5 20. b3 Na5 21. b4 Nc4 22. Nd2 Nb6 23. f3 0-0 24. g4 Na4 25. Nb1 e5 26. Be3 exd4 27. Bxd4 c5 28. Be3 Bf6 29. 0-0 Re8 30. g5 Bxg5 31. Bxg5 Rxg5 32. Ra2 Rd5 33. c4 bxc4 34. Rc2 Nb6 35. Nc3 Rh5 36. b5 Kf8 37. Kf2 a5 38. a4 Rd8 39. Re1 Rh6 40. Ne4 Nxa4 41. Ra1 Nb6 42. Rxa5 Rd5 43. Ra7 f5 44. Nc3 Rd7 45. Rxd7 Nxd7 46. Nd5 Nb6 47. Ne3 f4 48. Nxc4 Nd5 49. Rd2 Nb6 50. Ne5 c4 51. Rc2 Rh5 52. Nxc4 Rxb5 53. Nxb6 Rxb6 54. Rc4 Rf6 55. Ra4 h6 56. Ra5 Kf7 57. Kg1 g5 58. Kh2 Kg6 59. Kh3 Rf5 60. Ra3 1/2-1/2

[Event "Pamplona Sub zt 2.3 (Women)"]
[Site "Pamplona"]
[Date "2012.11.07"]
[Round "5"]
[White "Quinonez Lara, Maria Constanza"]
[Black "Orozco Lopez, Luz Elena"]
[Result "1/2-1/2"]
[WhiteElo "1755"]
[BlackElo "2092"]
[PlyCount "124"]
[EventDate "2012.11.05"]
[EventType "swiss"]
[EventRounds "9"]
[EventCountry "COL"]
[SourceTitle "EXT 2013"]
[Source "ChessBase"]
[SourceDate "2012.11.22"]
[SourceVersion "1"]
[SourceVersionDate "2012.11.22"]
[SourceQuality "1"]

1. e4 d5 2. exd5 Qxd5 3. Nc3 Qa5 4. d4 Nf6 5. h3 c6 6. Nf3 Bf5 7. Bd2 Nbd7 8. Bc4 Qc7 9. 0-0 e6 10. Bb3 Bd6 11. Re1 0-0-0 12. a4 h6 13. Qe2 g5 14. Ne5 Nxe5 15. dxe5 Bxe5 16. Rad1 Bd4 17. Be3 Bxe3 18. Qxe3 Kb8 19. a5 Nd5 20. Bxd5 exd5 21. Qd4 Rhe8 22. Qa4 Bd7 23. Qa3 g4 24. hxg4 Bxg4 25. Ra1 Re5 26. Na4 f6 27. Nc5 Be2 28. Qb4 Ka8 29. Qf4 Qe7 30. b4 h5 31. Ra3 Rg8 32. Rg3 Rxg3 33. Qxg3 Bg4 34. Rxe5 Qxe5 35. Qd3 Bf5 36. Qd2 b6 37. Nb3 Kb7 38. c3 h4 39. axb6 axb6 40. Nd4 h3 41. gxh3 Bxh3 42. Qh6 Qg5+ 43. Qxg5 fxg5 44. Kh2 Bd7 45. Kg3 c5 46. bxc5 bxc5 47. Nc2 Kc6 48. f4 g4 49. Ne3 c4 50. f5 Kd6 51. Kxg4 Ke5 52. Kg5 Ke4 53. f6 Be6 54. Ng2 d4 55. cxd4 c3 56. Ne1 Ke3 57. Nc2+ Kd3 58. Na3 Kxd4 59. Kg6 Kd3 60. f7 Bxf7+ 61. Kxf7 c2 62. Nxc2 Kxc2 1/2-1/2

[Event "Pamplona Sub zt 2.3 (Women)"]
[Site "Pamplona"]
[Date "2012.11.05"]
[Round "2"]
[White "Masso Lopez, Daniela"]
[Black "Orozco Lopez, Luz Elena"]
[Result "0-1"]
[WhiteElo "1438"]
[BlackElo "2092"]
[PlyCount "31"]
[EventDate "2012.11.05"]
[EventType "swiss"]
[EventRounds "9"]
[EventCountry "COL"]
[SourceTitle "EXT 2013"]
[Source "ChessBase"]
[SourceDate "2012.11.22"]
[SourceVersion "1"]
[SourceVersionDate "2012.11.22"]
[SourceQuality "1"]

1. d4 Nf6 2. Nf3 e6 3. e3 b6 4. c3 Bb7 5. Nbd2 Be7 6. Bd3 d5 7. 0-0 0-0 8. b3 c5 9. Ne5 Nc6 10. Ndf3 Qc7 11. Bb2 Bd6 12. c4 Ne4 13. Qc2 Nb4 14. Qe2 f6 15. a3 Nxd3 16. Nxd3 0-1

[Event "Latin Cup-A 3rd"]
[Site "Cali"]
[Date "2012.10.09"]
[Round "9"]
[White "Orozco Lopez, Luz Elena"]
[Black "Parra Meza, Brayan"]
[Result "0-1"]
[WhiteElo "2092"]
[BlackElo "1817"]
[PlyCount "70"]
[EventDate "2012.10.04"]
[EventType "swiss"]
[EventRounds "9"]
[EventCountry "COL"]
[SourceTitle "CBM 150 Extra"]
[Source "ChessBase"]
[SourceDate "2012.10.19"]
[SourceVersion "1"]
[SourceVersionDate "2012.10.19"]
[SourceQuality "1"]

1. d4 Nf6 2. Bg5 g6 3. Nd2 Bg7 4. e4 d6 5. Ngf3 0-0 6. Be2 Nbd7 7. 0-0 h6 8. Bh4 Nh5 9. c3 Nf4 10. Bc4 Qe8 11. Re1 e5 12. Qc2 Kh8 13. dxe5 dxe5 14. Bg3 Nh5 15. Kh1 Nxg3+ 16. fxg3 f5 17. exf5 gxf5 18. Nh4 Nb6 19. Bd3 e4 20. Nxe4 fxe4 21. Bxe4 Rf6 22. Bg6 Qb5 23. a4 Qc6 24. Be8 Qc5 25. b4 Qf2 26. Qd3 Bf5 27. Qd1 Bc2 28. Qg4 Nd5 29. Bb5 Raf8 30. Rg1 Nxc3 31. Bc4 Bf5 32. Qh5 Bh7 33. Rae1 Qd4 34. Be6 Ne4 35. h3 Nxg3+ 0-1

[Event "Latin Cup-A 3rd"]
[Site "Cali"]
[Date "2012.10.05"]
[Round "3"]
[White "Zapata, Alonso"]
[Black "Orozco Lopez, Luz Elena"]
[Result "1-0"]
[WhiteElo "2467"]
[BlackElo "2092"]
[PlyCount "63"]
[EventDate "2012.10.04"]
[EventType "swiss"]
[EventRounds "9"]
[EventCountry "COL"]
[SourceTitle "CBM 150 Extra"]
[Source "ChessBase"]
[SourceDate "2012.10.19"]
[SourceVersion "1"]
[SourceVersionDate "2012.10.19"]
[SourceQuality "1"]

1. e4 c5 2. Nf3 Nc6 3. d4 cxd4 4. Nxd4 Qb6 5. Nb3 Nf6 6. Nc3 e6 7. g3 a6 8. Bg2 Be7 9. 0-0 d6 10. a4 Na5 11. Be3 Qc7 12. Nxa5 Qxa5 13. f4 0-0 14. g4 Nd7 15. g5 Rd8 16. Qe1 Qb4 17. a5 Nc5 18. f5 Bf8 19. Qf2 b6 20. g6 Bb7 21. fxe6 f6 22. Nd5 Bxd5 23. gxh7+ Kh8 24. exd5 bxa5 25. Bd4 Rab8 26. Ra3 Re8 27. Rg3 Re7 28. Bxf6 gxf6 29. Qxf6+ Rg7 30. e7 Kxh7 31. exf8N+ Rxf8 32. Qxg7# 1-0

[Event "Puerto Boyaca op (Women)"]
[Site "Puerto Boyaca"]
[Date "2012.04.30"]
[Round "7"]
[White "Orozco Lopez, Luz Elena"]
[Black "Montenegro, Heidy"]
[Result "1-0"]
[WhiteElo "2125"]
[BlackElo "1636"]
[PlyCount "45"]
[EventDate "2012.04.26"]
[EventType "swiss"]
[EventRounds "9"]
[EventCountry "COL"]
[SourceTitle "CBM 148 Extra"]
[Source "ChessBase"]
[SourceDate "2012.06.22"]
[SourceVersion "1"]
[SourceVersionDate "2012.06.22"]
[SourceQuality "1"]

1. e4 c5 2. Nf3 d6 3. d4 cxd4 4. Nxd4 Nf6 5. Nc3 a6 6. Be2 e6 7. 0-0 Be7 8. Kh1 0-0 9. f4 Kh8 10. e5 dxe5 11. fxe5 Ng8 12. Ne4 Qd5 13. Qd3 Qxe5 14. Bf4 Qd5 15. c4 Qd8 16. Qg3 Nd7 17. Bc7 Qe8 18. Nd6 Bxd6 19. Bxd6 Ne7 20. Qa3 Ng6 21. Bxf8 Ndxf8 22. Nb5 f6 23. Nc7 1-0

[Event "Puerto Boyaca op (Women)"]
[Site "Puerto Boyaca"]
[Date "2012.04.29"]
[Round "6"]
[White "Pulido, Diana Marcela"]
[Black "Orozco Lopez, Luz Elena"]
[Result "1-0"]
[WhiteElo "2011"]
[BlackElo "2125"]
[PlyCount "53"]
[EventDate "2012.04.26"]
[EventType "swiss"]
[EventRounds "9"]
[EventCountry "COL"]
[SourceTitle "CBM 148 Extra"]
[Source "ChessBase"]
[SourceDate "2012.06.22"]
[SourceVersion "1"]
[SourceVersionDate "2012.06.22"]
[SourceQuality "1"]

1. e4 c5 2. Nc3 Nc6 3. g3 g6 4. d3 Bg7 5. Be3 d6 6. Qd2 Rb8 7. Bg2 b5 8. Nge2 e6 9. f4 Nge7 10. e5 b4 11. Bxc6+ Nxc6 12. Ne4 dxe5 13. Bxc5 Bf8 14. Qe3 exf4 15. Nxf4 Be7 16. g4 e5 17. Bxe7 Qxe7 18. Nd5 Qh4+ 19. Kd2 0-0 20. Ndf6+ Kg7 21. Rag1 h5 22. Nxh5+ gxh5 23. gxh5+ Bg4 24. Rxg4+ Qxg4 25. Rg1 Qxg1 26. Qxg1+ Kh8 27. Qg5 1-0

[Event "Puerto Boyaca op (Women)"]
[Site "Puerto Boyaca"]
[Date "2012.04.28"]
[Round "5"]
[White "Orozco Lopez, Luz Elena"]
[Black "Pachon Gutierrez, Adriana Paola"]
[Result "0-1"]
[WhiteElo "2125"]
[BlackElo "1994"]
[PlyCount "79"]
[EventDate "2012.04.26"]
[EventType "swiss"]
[EventRounds "9"]
[EventCountry "COL"]
[SourceTitle "CBM 148 Extra"]
[Source "ChessBase"]
[SourceDate "2012.06.22"]
[SourceVersion "1"]
[SourceVersionDate "2012.06.22"]
[SourceQuality "1"]

1. e4 e5 2. f4 Bc5 3. Nf3 Nc6 4. Bc4 d6 5. Nc3 Nf6 6. d3 Bg4 7. Na4 Bb6 8. Nxb6 axb6 9. h3 Bxf3 10. Qxf3 Nd4 11. Qf2 b5 12. Bb3 Nxb3 13. cxb3 Qe7 14. 0-0 0-0 15. g4 Nd7 16. f5 Ra6 17. g5 f6 18. h4 Nc5 19. Qc2 Qf7 20. gxf6 Nxb3 21. axb3 Rxa1 22. fxg7 Qxg7+ 23. Kh2 Kh8 24. Rg1 Qf7 25. Rg2 c6 26. Bg5 Qh5 27. Qf2 Qd1 28. Rg1 Qxg1+ 29. Qxg1 Rxg1 30. Kxg1 d5 31. Be7 Re8 32. Bb4 Kg7 33. Bd2 Ra8 34. Kf2 Ra2 35. d4 Rxb2 36. Ke2 exd4 37. e5 Rxb3 38. e6 Rb2 39. Kd3 Rxd2+ 40. Kxd2 0-1

[Event "Puerto Boyaca op (Women)"]
[Site "Puerto Boyaca"]
[Date "2012.04.26"]
[Round "1"]
[White "Orozco Lopez, Luz Elena"]
[Black "Loaiza, Yurani"]
[Result "1-0"]
[WhiteElo "2125"]
[BlackElo "1902"]
[PlyCount "71"]
[EventDate "2012.04.26"]
[EventType "swiss"]
[EventRounds "9"]
[EventCountry "COL"]
[SourceTitle "CBM 148 Extra"]
[Source "ChessBase"]
[SourceDate "2012.06.22"]
[SourceVersion "1"]
[SourceVersionDate "2012.06.22"]
[SourceQuality "1"]

1. e4 e5 2. f4 exf4 3. Nf3 Ne7 4. Bc4 d5 5. exd5 Nxd5 6. 0-0 Nc6 7. Nc3 Be6 8. Bb5 Bd6 9. Ne4 0-0 10. d4 Bf5 11. Bd3 Bg6 12. c4 Ne3 13. Bxe3 fxe3 14. Nc3 Bf4 15. Nd5 Bh6 16. Bxg6 hxg6 17. Qd3 Qd6 18. a3 Rfe8 19. Rfe1 Rad8 20. Rad1 Na5 21. b3 c6 22. Nxe3 Bxe3+ 23. Rxe3 Rxe3 24. Qxe3 Qxa3 25. Rd3 b6 26. Ng5 Qd6 27. Qe4 f6 28. Ne6 Re8 29. d5 cxd5 30. cxd5 Nb7 31. Qxg6 Re7 32. Rh3 Qxd5 33. Qh7+ Kf7 34. Qxg7+ Ke8 35. Nc7+ Rxc7 36. Rh8+ 1-0

[Event "COL-ch (Women)"]
[Site "Pereira"]
[Date "2011.09.30"]
[Round "11"]
[White "Rodriguez Rueda, Paula Andrea"]
[Black "Orozco Lopez, Luz Elena"]
[Result "1-0"]
[WhiteElo "2183"]
[BlackElo "2155"]
[PlyCount "103"]
[EventDate "2011.09.23"]
[EventType "tourn"]
[EventRounds "11"]
[EventCountry "COL"]
[SourceTitle "CBM 144 Extra"]
[Source "ChessBase"]
[SourceDate "2011.10.28"]
[SourceVersion "1"]
[SourceVersionDate "2011.10.28"]
[SourceQuality "1"]

1. d4 Nf6 2. c4 e6 3. Nf3 b6 4. g3 Ba6 5. b3 Bb4+ 6. Bd2 Be7 7. Bg2 c6 8. 0-0 0-0 9. Bc3 d5 10. Ne5 Nfd7 11. Nxd7 Nxd7 12. Nd2 Rc8 13. e4 c5 14. exd5 exd5 15. Bxd5 Nf6 16. Bg2 cxd4 17. Bb2 Bb4 18. a4 Re8 19. Nf3 Bc3 20. Bxc3 dxc3 21. Qc2 Ne4 22. Rad1 Qf6 23. Rfe1 Bb7 24. Nd4 Nd2 25. Rxe8+ Rxe8 26. Qxc3 Bxg2 27. Qxd2 Bb7 28. b4 h5 29. c5 bxc5 30. bxc5 h4 31. Qf4 Qd8 32. Qd6 Qg5 33. c6 Bc8 34. Nf3 Qg4 35. Nxh4 Qxa4 36. c7 g6 37. Qd8 Rf8 38. Ng2 Bb7 39. Ne3 a6 40. h4 Qc6 41. Nd5 Qc2 42. Nf6+ Kg7 43. Qd4 Kh6 44. g4 g5 45. Qd6 Kg7 46. Nd7 Rg8 47. Qf6+ Kh7 48. Qxf7+ Kh8 49. Qh5+ Kg7 50. Qxg5+ Kf7 51. Qf6+ Ke8 52. Qe6# 1-0

[Event "COL-ch (Women)"]
[Site "Pereira"]
[Date "2011.09.27"]
[Round "7"]
[White "Orozco Lopez, Luz Elena"]
[Black "Orozco Lopez, Lina Yomayra"]
[Result "1/2-1/2"]
[WhiteElo "2155"]
[BlackElo "2161"]
[PlyCount "33"]
[EventDate "2011.09.23"]
[EventType "tourn"]
[EventRounds "11"]
[EventCountry "COL"]
[SourceTitle "CBM 144 Extra"]
[Source "ChessBase"]
[SourceDate "2011.10.28"]
[SourceVersion "1"]
[SourceVersionDate "2011.10.28"]
[SourceQuality "1"]

1. e4 c5 2. Nf3 e6 3. d4 cxd4 4. Nxd4 Nc6 5. Nc3 a6 6. Be2 Qc7 7. 0-0 Nf6 8. Nxc6 bxc6 9. Bg5 Be7 10. Qd2 d5 11. exd5 cxd5 12. Bf3 0-0 13. Rfe1 Rb8 14. Bf4 Bd6 15. Bxd6 Qxd6 16. Ne4 Nxe4 17. Rxe4 1/2-1/2

[Event "COL-ch (Women)"]
[Site "Pereira"]
[Date "2011.09.25"]
[Round "4"]
[White "Rivera, Ingris"]
[Black "Orozco Lopez, Luz Elena"]
[Result "1/2-1/2"]
[WhiteElo "2176"]
[BlackElo "2155"]
[PlyCount "90"]
[EventDate "2011.09.23"]
[EventType "tourn"]
[EventRounds "11"]
[EventCountry "COL"]
[SourceTitle "CBM 144 Extra"]
[Source "ChessBase"]
[SourceDate "2011.10.28"]
[SourceVersion "1"]
[SourceVersionDate "2011.10.28"]
[SourceQuality "1"]

1. Nf3 Nf6 2. c4 e6 3. Nc3 b6 4. e4 d6 5. g3 Bb7 6. Qe2 c5 7. d4 cxd4 8. Nxd4 Be7 9. Bg2 Nbd7 10. 0-0 0-0 11. e5 Bxg2 12. exf6 Bxf6 13. Kxg2 Bxd4 14. Nb5 Bc5 15. Rd1 Qe7 16. b4 Bxb4 17. Nc7 Ne5 18. Nxa8 Rxa8 19. Bb2 Ng6 20. Qe4 Rc8 21. Rac1 f5 22. Qd4 Bc5 23. Qc3 f4 24. Re1 e5 25. h4 Rf8 26. Rc2 fxg3 27. fxg3 Qb7+ 28. Kh2 Rf3 29. Qd2 Rf2+ 30. Qxf2 Bxf2 31. Rxf2 Qc6 32. h5 Nf8 33. Ba3 Ne6 34. Rd1 Nd4 35. Rdf1 h6 36. Rf8+ Kh7 37. R1f2 e4 38. Bb2 Qxc4 39. Re8 Nf3+ 40. Kg2 Qd5 41. Re7 Nd4 42. Rff7 e3+ 43. Kg1 Ne2+ 44. Kh2 Qxh5+ 45. Kg2 Qd5+ 1/2-1/2

[Event "COL-ch sf (Women)"]
[Site "Santa Rosa"]
[Date "2011.06.26"]
[Round "8"]
[White "Pulido, Diana Marcela"]
[Black "Orozco Lopez, Luz Elena"]
[Result "0-1"]
[WhiteElo "2011"]
[BlackElo "2145"]
[PlyCount "76"]
[EventDate "2011.06.23"]
[EventType "swiss"]
[EventRounds "9"]
[EventCountry "COL"]
[SourceTitle "CBM 143 Extra"]
[Source "ChessBase"]
[SourceDate "2011.08.29"]
[SourceVersion "1"]
[SourceVersionDate "2011.08.29"]
[SourceQuality "1"]

1. e4 d5 2. exd5 Qxd5 3. d4 Bf5 4. Nf3 Qe4+ 5. Be3 Qxc2 6. Qxc2 Bxc2 7. Bc4 e6 8. d5 exd5 9. Bxd5 c6 10. Bc4 Bb4+ 11. Bd2 Bxd2+ 12. Kxd2 Bg6 13. h4 Nf6 14. Re1+ Kf8 15. Nc3 Nbd7 16. Re2 Nb6 17. Bb3 Rd8+ 18. Ke1 Re8 19. a4 a5 20. Ne5 Nfd7 21. Nxd7+ Nxd7 22. Rd1 Nc5 23. Bc4 Rxe2+ 24. Kxe2 Ke7 25. Rd2 Rd8 26. f3 Rd6 27. b3 b6 28. Ke3 Rxd2 29. Kxd2 Kd6 30. Ne2 Nd7 31. Nf4 Ne5 32. Be2 Bf5 33. Nh5 g6 34. Ng3 Bc8 35. Ne4+ Ke7 36. Kc3 f5 37. Ng5 h6 38. Nh3 Kf6 0-1

[Event "COL-ch sf (Women)"]
[Site "Santa Rosa"]
[Date "2011.06.24"]
[Round "4"]
[White "Orozco Lopez, Luz Elena"]
[Black "Santos Morales, Natalia Andrea"]
[Result "1/2-1/2"]
[WhiteElo "2145"]
[BlackElo "2027"]
[PlyCount "70"]
[EventDate "2011.06.23"]
[EventType "swiss"]
[EventRounds "9"]
[EventCountry "COL"]
[SourceTitle "CBM 143 Extra"]
[Source "ChessBase"]
[SourceDate "2011.08.29"]
[SourceVersion "1"]
[SourceVersionDate "2011.08.29"]
[SourceQuality "1"]

1. e4 e5 2. Nf3 Nc6 3. Bb5 a6 4. Ba4 Nf6 5. Qe2 b5 6. Bb3 Be7 7. c3 0-0 8. 0-0 d6 9. d3 h6 10. Rd1 Re8 11. Nbd2 Bf8 12. Nf1 Na5 13. Bc2 c5 14. h3 d5 15. g4 d4 16. Ng3 g6 17. Nh2 Qc7 18. h4 Nh7 19. Rf1 Qe7 20. h5 Qh4 21. Kg2 Nf6 22. Rh1 Nxg4 23. Nxg4 Qxg4 24. Qxg4 Bxg4 25. hxg6 fxg6 26. Bxh6 Bxh6 27. Rxh6 Kg7 28. Rh4 Be6 29. cxd4 cxd4 30. f4 exf4 31. Rxf4 Rh8 32. Ne2 g5 33. Rf2 Nc6 34. Rc1 Rac8 35. Bd1 Bg4 1/2-1/2

[Event "COL-ch sf (Women)"]
[Site "Santa Rosa"]
[Date "2011.06.23"]
[Round "2"]
[White "Orozco Lopez, Luz Elena"]
[Black "Panesso, Lina Maria"]
[Result "1-0"]
[WhiteElo "2145"]
[BlackElo "1922"]
[PlyCount "67"]
[EventDate "2011.06.23"]
[EventType "swiss"]
[EventRounds "9"]
[EventCountry "COL"]
[SourceTitle "CBM 143 Extra"]
[Source "ChessBase"]
[SourceDate "2011.08.29"]
[SourceVersion "1"]
[SourceVersionDate "2011.08.29"]
[SourceQuality "1"]

1. e4 c5 2. Nf3 Nc6 3. d4 cxd4 4. Nxd4 g6 5. c4 Nf6 6. Nc3 d6 7. Be2 Nxd4 8. Qxd4 Bg7 9. 0-0 0-0 10. Bg5 Be6 11. Qd2 Qa5 12. Bd3 Rfc8 13. Nd5 Qxd2 14. Bxd2 Bxd5 15. exd5 Nd7 16. Rfe1 Bxb2 17. Rab1 Bf6 18. Bf1 Nc5 19. g4 Rc7 20. Ba5 b6 21. Bb4 Nd7 22. Re4 Ne5 23. Be2 Rac8 24. f4 Nxc4 25. g5 Bg7 26. Bg4 Ra8 27. a4 a6 28. Be1 Rb8 29. Be2 Na3 30. Rb3 Nc2 31. Bf2 a5 32. Rxb6 Ra8 33. Rc6 Rb7 34. Rxc2 1-0

[Event "American Continental (Women) 06th"]
[Site "Duran"]
[Date "2011.06.18"]
[Round "8"]
[White "Salazar Loor, Sara"]
[Black "Orozco Lopez, Luz Elena"]
[Result "0-1"]
[WhiteElo "2002"]
[BlackElo "2145"]
[PlyCount "106"]
[EventDate "2011.06.12"]
[EventType "swiss"]
[EventRounds "11"]
[EventCountry "ECU"]
[SourceTitle "EXT 2012"]
[Source "ChessBase"]
[SourceDate "2011.11.24"]
[SourceVersion "1"]
[SourceVersionDate "2011.11.24"]
[SourceQuality "1"]

1. e4 c5 2. Nf3 Nc6 3. d4 cxd4 4. Nxd4 Qb6 5. Nb3 Nf6 6. Bd3 e6 7. 0-0 Be7 8. Nc3 a6 9. Qe2 Qc7 10. f4 d6 11. a4 b6 12. Be3 0-0 13. Rae1 Nd7 14. Qg4 Nb4 15. f5 Ne5 16. Qg3 Kh8 17. Rd1 Rb8 18. Nd4 Bf6 19. Kh1 Qe7 20. Be2 Bd7 21. Rd2 Rbc8 22. Nd1 Bxa4 23. c3 Nbc6 24. Bxa6 Ra8 25. Be2 Na5 26. Qh3 Nac4 27. Bxc4 Nxc4 28. Rdf2 e5 29. Nc2 Bb3 30. Nb4 Ra1 31. Nd5 Qd8 32. Qg4 Rb1 33. g3 b5 34. h4 Qa5 35. Bg5 Qa1 36. N5e3 Nxe3 37. Nxe3 Rxf1+ 38. Nxf1 Bc4 39. Qh3 Qe1 40. Qg2 Bd3 41. Bd2 Qxe4 42. Ne3 Qa4 43. b4 Qa8 44. Nd5 Bc4 45. Nxf6 gxf6 46. Kh2 Bd5 47. Qf1 Qc6 48. Qe2 Ra8 49. Qe3 Ra1 50. g4 Rh1+ 51. Kg3 Qc4 52. Qa7 Rg1+ 53. Kh2 Rxg4 0-1

[Event "American Continental (Women) 06th"]
[Site "Duran"]
[Date "2011.06.16"]
[Round "6"]
[White "Chirivi Castiblanco, Jenny Astrid"]
[Black "Orozco Lopez, Luz Elena"]
[Result "1-0"]
[WhiteElo "2226"]
[BlackElo "2145"]
[PlyCount "59"]
[EventDate "2011.06.12"]
[EventType "swiss"]
[EventRounds "11"]
[EventCountry "ECU"]
[SourceTitle "EXT 2012"]
[Source "ChessBase"]
[SourceDate "2011.11.24"]
[SourceVersion "1"]
[SourceVersionDate "2011.11.24"]
[SourceQuality "1"]

1. d4 Nf6 2. c4 e6 3. Nf3 b6 4. a3 Bb7 5. Nc3 d5 6. cxd5 Nxd5 7. Qc2 Nxc3 8. bxc3 c5 9. e4 Be7 10. Bd3 0-0 11. 0-0 Qc8 12. Qe2 Ba6 13. Bb2 Bxd3 14. Qxd3 c4 15. Qe2 Nd7 16. a4 Qc7 17. Nd2 Rfc8 18. e5 a6 19. f4 b5 20. f5 exf5 21. Rxf5 Qc6 22. Raf1 Rf8 23. a5 Rac8 24. Ne4 f6 25. d5 Bc5+ 26. Kh1 Qxd5 27. exf6 Qe6 28. Qf3 Bd6 29. Ng5 Ne5 30. Qh3 1-0